000 00942nam a2200265 a 4500
001 34718
003 BD-RjUL
005 20211209052212.0
008 140518r19571959enk b 001 0 eng d
035 _a(BD-RjUL)34812
040 _aD2035
_beng
_cD2035
_dNNCU:A
_dBD-RjUL
041 _aeng
082 0 4 _a305.560941
_bHOU 1959
100 1 _aHoggart, Richard,
_d1918-
_956370
245 1 4 _aThe uses of literacy :
_baspects of working-class life, with special references to publications and entertainments /
_cRichard Hoggart.
260 _aLondon :
_bChatto and Windus,
_c1957 [reprinted 1959].
300 _a319 p. ;
_c23 cm.
504 _aBibliography: p.308-312.and index.
650 0 _aWorking class
_zGreat Britain.
_9105626
650 0 _aLeisure
_zGreat Britain.
_9105627
650 0 _aRecreation
_zGreat Britain.
_959532
650 0 _aBooks and reading.
_9105628
651 0 _aGreat Britain
_xIntellectual life.
_9105629
942 _2ddc
_cBK
999 _c34718
_d34718